Fachbegriffe der deutschen Sprache #2 - Statistiken

Allgemein
  • Dieses Quiz wurde 181 mal gespielt
    175 seit der letzten Aktualisierung
  • Das Durchschnittsergebnis liegt bei 7 aus 22
Antwortstatistiken
Kategorie Begriff % Korrekt
Adverbiale Bestimmungen Zeit
64%
Adverbiale Bestimmungen Ort
62%
Objektarten Akkusativobjekt
56%
Objektarten Dativobjekt
54%
Objektarten Genitivobjekt
52%
Adverbiale Bestimmungen Grund
48%
Satzarten Fragesatz
43%
Modi Imperativ
41%
Modi Konjunktiv
41%
Genera Verbi Aktiv
40%
Genera Verbi Passiv
40%
Satzarten Aussagesatz
39%
Adverbiale Bestimmungen Art und Weise
37%
Modi Indikativ
36%
Satzarten Ausruf
24%
Objektarten Präpositionalobjekt
15%
Adverbiale Bestimmungen Zweck
8%
Satzarten Aufforderungssatz
7%
Adverbiale Bestimmungen Bedingung
7%
Adverbiale Bestimmungen Gegengrund
7%
Adverbiale Bestimmungen Folge
6%
Satzarten Wunschsatz
3%
Keine übereinstimmenden Quizze gefunden
Verteilung der Resultate
Anzahl Personen mit jedem Resultat
Perzentil nach korrekt beantworteten Fragen
Ihre Resultats-Entwicklung
Sie haben dieses Quiz seit der letzten Aktualisierung nicht gespielt